Tamar Braxton Discography - Statistics

General Stats
  • This quiz has been taken 13 times
  • The average score is 4 of 6
Answer Stats
Type Year Name % Correct
Album 2013 Love and War
100%
Album 2000 Tamar
78%
Album 2017 Bluebird of Happiness
67%
Album 2015 Calling All Lovers
67%
Holiday Album 2013 Winter Loversland
56%
EP 1999 Tamar: Just Cuz
22%
No matching quizzes found
Score Distribution
Percent of People with Each Score
Percentile by Number Answered
Your Score History
You have not taken this quiz